| 000 | 00000nam##2200000za#4500 |
| 001 | 9.568364 |
| 003 | CaOODSP |
| 005 | 20240215150447 |
| 007 | cr ||||||||||| |
| 008 | 150406|2003||||xxc|||||o f|0| 0 eng|d |
| 040 | |aCaOODSP|beng |
| 043 | |an-cn--- |
| 086 | 1 |aPS83-3/129E-PDF |
| 110 | 2 |aCorrectional Service Canada. |
| 245 | 14|aThe needs of Métis offenders in federal correctional facilities in British Columbia / |h[electronic resource]|c[by] Shelley Trevethan, John-Patrick Moore and Matt Thorpe. |
| 260 | |bCorrectional Service Canada |cSeptember 2003. |
| 300 | |a85p.|bgraphs, references, tables |
| 490 | 1 |aResearch report|vR-129 |
| 590 | |a10-14-Supp|b2010-12-03 |
| 720 | 1 |aTrevethan, Shelley |
| 720 | 1 |aMoore, John-Patrick |
| 720 | 1 |aThorpe, Matt |
| 775 | 08|tLes besoins des délinquants métis dans les établissements correctionnels fédéraux en Colombie-Britannique / |w(CaOODSP)9.599653 |
| 830 | #0|aResearch report (Correctional Service Canada. Research Branch)|vR-129|w(CaOODSP)9.506063 |
| 856 | 40|ahttp://publications.gc.ca|qPDF|s258 KB|uhttps://publications.gc.ca/collections/collection_2010/scc-csc/PS83-3-129-eng.pdf|yR-129 |